000 00406nam a2200181Ia 4500
001 628
005 20260306140531.0
008 260306t2002||||xx |||||||||||||| ||spa||
041 _aESP
082 _a128
_bS79 V. 1
100 _aStein, Edith
_eAUT
245 0 _aEscritos autobigráficos y cartas
260 _c2002
300 _a
_c23 cm.
650 _aGEN
654 _aCHU
942 _cLIB
_dJUS
_fJUS
_2ddc
_n
999 _c628
_d628